Statistics for General Knowledge Quiz #20

Click here to take the quiz!

General Stats

  • This quiz has been taken 140,462 times
    (46,499 since last reset)
  • The average score is 12 of 20

Answer Stats

QuestionAnswer% Correct
What is the coldest country in South America by average annual temperature?Chile
88%
What is 12345 + 12345?24690
87%
Which borough of New York City starts with Q?Queens
85%
What title does someone gain when they are knighted?Sir or Dame
84%
What volcano destroyed the city of Pompeii?Mount Vesuvius
82%
Which orchestral woodwind instrument starts with the letter O?Oboe
78%
In what movie did the main character bend over backwards, dodging bullets
as if they were moving in slow motion?
The Matrix
77%
Which body part is the nape a part of?Neck
75%
What does a cobbler make and repair?Shoes
74%
What major fault line runs through California?San Andreas Fault
60%
Who built a wall to separate Scotland and England?Hadrian
53%
Who starred in the movies "Caddyshack", "Ghostbusters", and "Lost in Translation"?Bill Murray
51%
U2 is a band. What is a U-2?an Airplane
50%
What punishment did the pope inflict on Henry VIII and Martin Luther?Excommunication
44%
What is another name for a cornucopia?Horn of {plenty}
43%
What king was beheaded during the English Civil War?Charles I
42%
Who wrote the musicals the "Jesus Christ Superstar" and "Evita"?Andrew Lloyd Webber
38%
Who requested sharks with frickin' laser beams?Dr. Evil
35%
What part of animal is suet?Fat
31%
Zoology is the study of animals. What is oology?Study of {eggs}
21%

Score Distribution

Percentile by Number Answered

Percent of People with Each Score

Your Score History

You have not taken this quiz since the last reset